| 000 | 00353nam a22001217a 4500 | ||
|---|---|---|---|
| 999 |
_c3501 _d3501 |
||
| 005 | 20201204091902.0 | ||
| 008 | 201204b ||||| |||| 00| 0 eng d | ||
| 020 | _a0333600541 | ||
| 040 | _cCML | ||
| 245 |
_aMetalwork Technology. _cSackey J.K.N. |
||
| 260 |
_aOxford _bMacmillan Education _c1996 |
||
| 942 |
_2ddc _cBK _e1st Edition _h621 _mSAC |
||